|
|
|
|
| LEADER |
00947nam a2200229 a 4500 |
| 001 |
1354399 |
| 008 |
100125s1980 caua b 001 0 eng d |
| 010 |
|
|
|a 80016574
|
| 020 |
|
|
|a 053400914X :
|c $24.95
|
| 040 |
|
|
|a DLC
|c DLC
|d DLC
|d DB-DhAAL
|
| 082 |
0 |
0 |
|a 301/.07/1173
|2 19
|
| 100 |
1 |
|
|a Goldsmid, Charles A.
|
| 245 |
1 |
0 |
|a Passing on sociology :
|b the teaching of a discipline /
|c Charles A. Goldsmid, Everett K. Wilson.
|
| 260 |
|
|
|a Belmont, Calif. :
|b Wadsworth Pub. Co.,
|c c1980.
|
| 300 |
|
|
|a viii, 432 p. :
|b ill. ;
|c 24 cm.
|
| 504 |
|
|
|a Includes bibliography: (p. 400-432) and index.
|
| 541 |
1 |
|
|e 00009696
|
| 650 |
|
0 |
|a Sociology
|x Study and teaching (Higher)
|z United States.
|
| 700 |
1 |
|
|a Wilson, Everett,
|e joint author.
|
| 852 |
4 |
|
|a Ayesha Abed Library
|j General Shelf.
|
| 999 |
|
|
|c 7160
|d 7160
|
| 952 |
|
|
|0 0
|1 0
|2 ddc
|4 0
|6 301_071173000000000_GOL_1980
|7 0
|9 7443
|a BRACUL
|b BRACUL
|c GEN
|d 2010-01-25
|l 0
|o 301.071173 GOL
|p 3010009696
|r 2010-01-25
|t 1
|w 2010-01-25
|y BK
|